000 00602nam a2200229Ia 4500
003 OSt
005 20221006164800.0
006 a|||||r|||| 00| 0
007 ta
008 221006b |||||||| |||| 00| 0 eng d
024 _a7,152
037 _cTextual
040 _aFML
_cFML
_beng
041 _2eng
_aeng
082 _aN44v, P9
100 _aBiswas Deepika Au.
_9678326
245 0 _aEvolution Of Music, Dance and Drama
260 _aJaipur
_bNatraj Nagar India
_c2009
300 _a300
_ccm.
942 _hN44v, P9
_cTEXL
_2CC
999 _c1118458
_d1118458